000 00946cam a2200265 i 4500
003 SA-RiAUC
005 20250710054304.0
008 250616s2002 le g 000 f ara c
040 _aSA-JeALM
_bara
_cSA-RiAUC
_erda
050 1 4 _b.M33 K4 2002
082 0 4 _a813.03
_qSA-RiAUC
090 _a813.03
_b ح م د
100 1 _aالحمد، تركي حمد تركي،
_d1372 هجري-
_eمؤلف.
245 1 0 _aأطياف الأزقة المهجورة :
_bالعدامة /
_cتركي الحمد.
246 3 0 _aالعدامة
250 _aالطبعة الثانية.
264 1 _aبيروت :
_bدار الساقي،
_c1998
300 _a288 صفحة
336 _aنص
_btxt
_2rdacontent
337 _aبدون وسيط
_bn
_2rdamedia
338 _aمجلد
_bnc
_2rdacarrier
_3كتاب
650 7 _aالقصص العربية
_zالأردن
_yقرن 21
_2aucsh
942 _2ddc
_cBOOK
_n0
949 _aSA-JeALM
_d250616
_umohamedma123
_n1
999 _c9693
_d9693